00722nam a2200169 a 450000100100000000500170001000800410002702000150006804000250008310000400010824501090014826001010025730000340035870000380039295201050043099900170053500004333120201002040824.0140310s1982 ag b 000 0 spa d a8430062351 aDO-SdBNPbspacBNPHU1 aGarcía del Toro, Javier R.97096910aCartagena :bGuía arqueológica /cJavier R. García del Toro ; prólogo Pedro A. Sanmartín Moro. aCartagena :bSecretaría de Cultura del Partido Cantonal, Departamento de Publicaciones,c1982. a83 p. :bil., mapas ;c22 cm.1 aSanmartín Moro, Pedro A.970970 001050718MOaGRbGRcCTd2014-03-10iLF1l0o p43331-10r2020-06-25w2020-06-25y1ZNo se presta c42820d42820